000 00552nam a2200217Ia 4500
003 IIN
005 20250507122253.0
008 250507s2024 xx ad 001 0 eng d
020 _cRs.525.00
_a9789356962866
040 _aIIN
_bEnglish
082 _a610.73
_bSRE
100 1 _aSreevani, R
245 1 _aApplied Sociology for Nurses/
_cR. Sreevani
250 _a2nd ed.
260 _aNew Delhi
_bJaypee
_c2024
300 _axiii, 260p.
_bill.
500 _aIncludes Index
650 _aSociology
650 _aSociology
_vNursing
942 _cBOOK
999 _c1810
_d1810